[Event "Skakligaen 2021-22"]
[Site "Denmark"]
[Date "2022.03.20"]
[Round "9.5"]
[White "Rasmussen, Henning Lau"]
[Black "David, Alberto"]
[Result "0-1"]
[WhiteElo "2159"]
[BlackElo "2545"]
[PlyCount "80"]
[EventDate "2021.10.30"]
[EventType "team-tourn"]
[EventRounds "9"]
[EventCountry "DEN"]
[SourceTitle "Turneringssystemet"]
[WhiteTeam "Jetsmark"]
[BlackTeam "Koge"]

1. d4 Nf6 2. Nf3 e6 3. e3 c5 4. Bd3 Nc6 5. c3 d5 6. Nbd2 a6 7. a3 b6 8. Ne5 Bb7
9. f4 g6 10. Qf3 Bg7 11. b4 cxd4 12. cxd4 Ne7 13. g4 Nc8 14. g5 Nh5 15. a4 Nd6
16. Bb2 Rc8 17. b5 axb5 18. axb5 O-O 19. O-O Re8 20. Rfc1 Rxc1+ 21. Rxc1 Bxe5
22. dxe5 Nc4 23. Nxc4 dxc4 24. Be4 Bxe4 25. Qxe4 Qd2 26. Rc2 Qd1+ 27. Kf2 Rd8
28. Bc1 c3 29. Kg2 Qg4+ 30. Kf2 Rd1 31. Qg2 Qh4+ 32. Kf3 Qe1 33. Re2 Qf1+ 34.
Rf2 Qxg2+ 35. Rxg2 Rxc1 36. Ke4 h6 37. gxh6 Kh7 38. Ra2 Rb1 39. Kd3 Kxh6 40.
Kxc3 Rxb5 0-1

[Event "Skakligaen 2021-22"]
[Site "Denmark"]
[Date "2022.03.20"]
[Round "9.1"]
[White "Nielsen, Viktor Haarmark"]
[Black "Hillarp Persson, Tiger"]
[Result "0-1"]
[WhiteElo "2296"]
[BlackElo "2521"]
[PlyCount "104"]
[EventDate "2021.10.30"]
[EventType "team-tourn"]
[EventRounds "9"]
[EventCountry "DEN"]
[SourceTitle "Live"]
[WhiteTeam "Obro"]
[BlackTeam "Bronshoj"]

1. e4 c5 2. Nf3 d6 3. d4 cxd4 4. Nxd4 Nf6 5. f3 Nc6 6. c4 Qb6 7. Nc2 e6 8. Nc3
Be7 9. Rb1 a6 10. Be2 Ne5 11. f4 Ned7 12. Be3 Qc7 13. O-O h5 14. h3 h4 15. Nd4
b6 16. Bf3 Bb7 17. Rc1 Rc8 18. f5 e5 19. Nd5 Qb8 20. Ne2 b5 21. cxb5 Rxc1 22.
Qxc1 Bxd5 23. exd5 axb5 24. Qc6 O-O 25. Rc1 Bd8 26. Nc3 Bb6 27. Bxb6 Nxb6 28.
Qxb5 Qa7 29. Kh2 Rb8 30. Qb4 Nbxd5 31. Qxd6 Nf4 32. Ne4 Nxe4 33. Bxe4 Re8 34.
f6 Qe3 35. Qc6 Qg3+ 36. Kh1 Rf8 37. Qd6 gxf6 38. Qxf6 Ne2 39. Qh6 Qg7 40. Qxg7+
Kxg7 41. Rc4 f5 42. Bd3 Ng3+ 43. Kg1 Rd8 44. Rc7+ Kf6 45. Bb5 Rd2 46. a4 Rxb2
47. Rc1 Ra2 48. Rc6+ Kg5 49. Re6 Kf4 50. Rc6 Ra1+ 51. Kf2 e4 52. Rc4 Rf1# 0-1

[Event "Skakligaen 2021-22"]
[Site "Denmark"]
[Date "2022.03.20"]
[Round "9.2"]
[White "Vasli, Aref"]
[Black "Rasmussen, Casper Dahl"]
[Result "1-0"]
[WhiteElo "2380"]
[BlackElo "2289"]
[PlyCount "109"]
[EventDate "2021.10.30"]
[EventType "team-tourn"]
[EventRounds "9"]
[EventCountry "DEN"]
[SourceTitle "Live"]
[WhiteTeam "Bronshoj"]
[BlackTeam "Obro"]

1. d4 g6 2. e4 Bg7 3. Nf3 d6 4. Nc3 Nf6 5. h3 O-O 6. Be3 c6 7. a4 a5 8. Be2 Na6
9. O-O Qc7 10. Nd2 Nb4 11. Re1 Rd8 12. Qc1 Bd7 13. Nc4 b5 14. axb5 cxb5 15. Na3
Rab8 16. Bxb5 Nxc2 17. Qxc2 Bxb5 18. e5 dxe5 19. dxe5 Bd3 20. Qc1 Nd7 21. f4
Qb7 22. Rd1 Nf8 23. Rd2 Ne6 24. Qd1 Be4 25. Qe2 Rxd2 26. Qxd2 Rd8 27. Qf2 Bd3
28. Rd1 Qa6 29. Qf3 Rb8 30. Rd2 Bc4 31. Qe4 Bb3 32. Rd7 Rb4 33. Qf3 Qc8 34. Ra7
Qd8 35. Nab5 Qd3 36. Ra8+ Bf8 37. Rxa5 Nxf4 38. Nc7 Ne6 39. Nxe6 Bxe6 40. Ra8
Qc4 41. Qd1 Qc7 42. Nd5 Bxd5 43. Qxd5 Rb8 44. Rxb8 Qxb8 45. e6 f6 46. Bd4 Qf4
47. b4 Qc1+ 48. Kh2 Qf4+ 49. Kh1 Bh6 50. Qd8+ Bf8 51. Qe8 Qh6 52. Qf7+ Kh8 53.
b5 g5 54. b6 g4 55. Be3 1-0

[Event "Skakligaen 2021-22"]
[Site "Denmark"]
[Date "2022.03.20"]
[Round "9.3"]
[White "Hansen, Soren Bech"]
[Black "Bromann, Thorbjorn"]
[Result "0-1"]
[WhiteElo "2296"]
[BlackElo "2374"]
[PlyCount "97"]
[EventDate "2021.10.30"]
[EventType "team-tourn"]
[EventRounds "9"]
[EventCountry "DEN"]
[SourceTitle "Thorbjorn Bromann"]
[WhiteTeam "Obro"]
[BlackTeam "Bronshoj"]

1. e4 g6 2. d4 Bg7 3. Nf3 d6 4. c3 Nf6 5. Bd3 O-O 6. O-O Nc6 7. h3 e5 8. Na3
exd4 9. Nxd4 Re8 10. Re1 Nd7 11. Nf3 Nc5 12. Bc2 h6 13. Nb5 b6 14. b4 Nd7 15.
Rb1 a5 16. a3 Bb7 17. Bb2 Nce5 18. Nxe5 Nxe5 19. Bb3 Qd7 20. Nd4 b5 21. a4 Nc4
22. axb5 Nxb2 23. Rxb2 axb4 24. cxb4 Rxe4 25. Rxe4 Bxe4 26. Ra2 Rxa2 27. Bxa2
Qe8 28. Nc6 Bxc6 29. bxc6 Qxc6 30. Qb3 Qc1+ 31. Kh2 Qf4+ 32. Kg1 Qc1+ 33. Kh2
Qf4+ 34. Kg1 Bd4 35. Qf3 Qxf3 36. gxf3 Be5 37. b5 g5 38. Kf1 Kg7 39. Ke2 Bh2
40. Bd5 Kg6 41. Ke3 f5 42. Bc6 Kf6 43. Bd7 Ke5 44. Bc8 Bf4+ 45. Kd3 Bc1 46. Bd7
Ba3 47. Bc8 Bc5 48. Ke2 Bb6 49. Bd7 
Ba7 50. Bc8 Kf4 51. Bb7 Bd4 52. Bc6 Bc5 53. Bb7 Ba3 54. Bc6 Bb2 55. Bb7 Ba1
56. Bc6 Be5 57. Bd5 Bg7 58. Bc6 Bh8 59. Bb7 h5 60. Bc6 g4 61. fxg4 fxg4 62. Bd7
gxh3 63. Bxh3 Ke4 64. Bd7 Be5 65. Be8 h4 66. Bd7 Kd4 67. Kf3 d5 68. Kg4 Bf6 69.
f4 Ke3 70. Kf5 Bd8 71. Ke5 d4 72. f5 d3 73. f6 d2 74. Bg4 h3 75. Ke6 Bxf6 0-1

[Event "Skakligaen 2021-22"]
[Site "Denmark"]
[Date "2022.03.20"]
[Round "9.4"]
[White "Hoi, Carsten"]
[Black "Larsen, Karsten"]
[Result "1/2-1/2"]
[WhiteElo "2348"]
[BlackElo "2252"]
[PlyCount "35"]
[EventDate "2021.10.30"]
[EventType "team-tourn"]
[EventRounds "9"]
[EventCountry "DEN"]
[SourceTitle "Live"]
[WhiteTeam "Bronshoj"]
[BlackTeam "Obro"]

1. c4 e5 2. e3 Nf6 3. d4 Bb4+ 4. Nc3 O-O 5. dxe5 Ne4 6. Qc2 Nxc3 7. bxc3 Bc5 8.
Nf3 Nc6 9. h4 d6 10. Ng5 g6 11. exd6 Bxd6 12. Bd2 Ba3 13. Be2 Qe7 14. Qe4 Qf6
15. Qf3 Qe7 16. Qe4 Qf6 17. Qf3 Qe7 18. Qe4 1/2-1/2

[Event "Skakligaen 2021-22"]
[Site "Denmark"]
[Date "2022.03.20"]
[Round "9.6"]
[White "Palm, Nikolaj"]
[Black "Simonsen, Carsten"]
[Result "1-0"]
[WhiteElo "2281"]
[BlackElo "2218"]
[PlyCount "61"]
[EventDate "2021.10.30"]
[EventType "team-tourn"]
[EventRounds "9"]
[EventCountry "DEN"]
[SourceTitle "Nikolaj Palm"]
[WhiteTeam "Bronshoj"]
[BlackTeam "Obro"]

1. d4 Nf6 2. Nf3 g6 3. Nbd2 d5 4. e3 Bg7 5. Bd3 O-O 6. O-O b6 7. b3 c5 8. Bb2
Bb7 9. Ne5 Nbd7 10. f4 Ne4 11. Nxe4 dxe4 12. Bc4 e6 13. Qe2 Qe7 14. a4 a6 15.
Ba3 Rfc8 16. Rfd1 Nf6 17. Qe1 Qe8 18. dxc5 bxc5 19. Bf1 Nd5 20. c4 Ne7 21. Ra2
Nc6 22. Nd7 Rd8 23. Nxc5 Rxd1 24. Qxd1 Rd8 25. Rd2 Rxd2 26. Qxd2 Qe7 27. b4 Bf8
28. b5 Nb8 29. Qc3 Bg7 30. Nxb7 Qxb7 31. Qd2 1-0

[Event "Skakligaen 2021-22"]
[Site "Denmark"]
[Date "2022.03.20"]
[Round "9.7"]
[White "Kakulidis, Ellen"]
[Black "Laursen, Niels Norskov"]
[Result "1/2-1/2"]
[WhiteElo "2054"]
[BlackElo "2195"]
[PlyCount "74"]
[EventDate "2021.10.30"]
[EventType "team-tourn"]
[EventRounds "9"]
[EventCountry "DEN"]
[SourceTitle "Live"]
[WhiteTeam "Obro"]
[BlackTeam "Bronshoj"]

1. d4 Nf6 2. Nf3 g6 3. g3 Bg7 4. Bg2 d5 5. O-O O-O 6. Nbd2 Na6 7. c4 c5 8. dxc5
Nxc5 9. cxd5 Nxd5 10. Qc2 b6 11. Nb3 Bf5 12. Qd1 Nf6 13. Nxc5 bxc5 14. Ng5 Qxd1
15. Rxd1 Rad8 16. Be3 h6 17. Nf3 Nd5 18. Bxc5 Bxb2 19. Nh4 Bxa1 20. Nxf5 gxf5
21. Rxa1 Rd7 22. Bxd5 Rxd5 23. Bxe7 Re8 24. Bf6 Rxe2 25. h4 Rd6 26. Bc3 Rd3 27.
Bb4 h5 28. a3 Rd7 29. Rc1 Kg7 30. Rc8 f6 31. Bf8+ Kf7 32. Bb4 Re8 33. Rc5 Re5
34. Rc6 Re6 35. Rc5 Re5 36. Rc6 Re6 37. Rc5 Re5 1/2-1/2

[Event "Skakligaen 2021-22"]
[Site "Denmark"]
[Date "2022.03.20"]
[Round "9.8"]
[White "Thuesen, Mogens Henrik"]
[Black "Skou, Niels"]
[Result "1-0"]
[WhiteElo "2172"]
[BlackElo "2045"]
[PlyCount "45"]
[EventDate "2021.10.30"]
[EventType "team-tourn"]
[EventRounds "9"]
[EventCountry "DEN"]
[SourceTitle "Live"]
[WhiteTeam "Bronshoj"]
[BlackTeam "Obro"]

1. e4 e5 2. Nf3 Nc6 3. Bb5 a6 4. Ba4 d6 5. Bxc6+ bxc6 6. d4 exd4 7. Qxd4 Bg4 8.
Nc3 Qf6 9. Qc4 Ne7 10. Bg5 Qe6 11. Qa4 f6 12. Nd4 Qd7 13. Be3 g6 14. h3 Be6 15.
Nxe6 Qxe6 16. Nd5 Kd7 17. Rd1 Bg7 18. O-O Rhb8 19. Nf4 Qf7 20. b3 f5 21. Rfe1
Bc3 22. Nd3 Rb5 23. Bd2 Ra5 24. Bxc3 1-0

[Event "Skakligaen 2021-22"]
[Site "Denmark"]
[Date "2022.03.20"]
[Round "9.1"]
[White "Thogersen, Rasmus"]
[Black "Fries Nielsen, Jens Ove"]
[Result "1-0"]
[WhiteElo "2278"]
[BlackElo "2378"]
[PlyCount "47"]
[EventDate "2021.10.30"]
[EventType "team-tourn"]
[EventRounds "9"]
[EventCountry "DEN"]
[SourceTitle "Live"]
[WhiteTeam "SK1968"]
[BlackTeam "Fredericia"]

1. e4 c5 2. Nf3 Nc6 3. d4 cxd4 4. Nxd4 a6 5. Nc3 e5 6. Nf5 d6 7. Bc4 Nf6 8. Bg5
h6 9. Bxf6 Qxf6 10. Nd5 Qd8 11. Qd3 g6 12. Nfe3 Bg7 13. O-O O-O 14. a4 Kh8 15.
c3 f5 16. Rfd1 f4 17. Nc2 Bg4 18. f3 Bh5 19. Ndb4 Na5 20. Ba2 Qb6+ 21. Kf1 Nc6
22. Qc4 Rad8 23. Nd5 Qxb2 24. Qd3 1-0

[Event "Skakligaen 2021-22"]
[Site "Denmark"]
[Date "2022.03.20"]
[Round "9.2"]
[White "Light, Bjarne"]
[Black "Matthiesen, Martin"]
[Result "0-1"]
[WhiteElo "2234"]
[BlackElo "2325"]
[PlyCount "80"]
[EventDate "2021.10.30"]
[EventType "team-tourn"]
[EventRounds "9"]
[EventCountry "DEN"]
[SourceTitle "Live"]
[WhiteTeam "Fredericia"]
[BlackTeam "SK1968"]

1. d4 Nf6 2. Nf3 g6 3. Bg5 Bg7 4. Nbd2 O-O 5. c3 h6 6. Bh4 d6 7. e4 Qe8 8. Bc4
e5 9. dxe5 dxe5 10. Qe2 Nh5 11. Qe3 Nd7 12. O-O Kh7 13. Rfe1 f5 14. exf5 gxf5
15. Nd4 Nb6 16. Bb3 Qg6 17. Ne2 Bd7 18. f4 Bc6 19. Qf2 exf4 20. Nd4 Bd5 21. Ne6
Rf7 22. Nf3 Bxb3 23. axb3 Nd5 24. Re2 Ne3 25. Nfd4 Bxd4 26. Nxd4 Rg8 27. Kh1
Rfg7 28. Rg1 c5 29. Nc2 Nxc2 30. Rxc2 Qc6 31. Rcc1 Rg4 32. Be7 b6 33. Qf3 Qe4
34. Qh3 Ng3+ 35. hxg3 Qxe7 36. Rge1 Qf6 37. Rcd1 R8g7 38. Rd2 fxg3 39. Kg1 Rh4
40. Rd6 Qg5 0-1

[Event "Skakligaen 2021-22"]
[Site "Denmark"]
[Date "2022.03.20"]
[Round "9.3"]
[White "Matthiesen, Arne"]
[Black "Friis, Carsten Bank"]
[Result "1-0"]
[WhiteElo "2312"]
[BlackElo "2212"]
[PlyCount "42"]
[EventDate "2021.10.30"]
[EventType "team-tourn"]
[EventRounds "9"]
[EventCountry "DEN"]
[SourceTitle "Live"]
[WhiteTeam "SK1968"]
[BlackTeam "Fredericia"]

1. d4 Nf6 2. Nf3 d5 3. c4 e6 4. Nc3 c6 5. g3 Nbd7 6. Qd3 a6 7. Bg2 b5 8. b3
bxc4 9. bxc4 a5 10. c5 e5 11. dxe5 Nxc5 12. Qc2 Nfd7 13. O-O Ne6 14. Rd1 Nb6
15. Rb1 Bc5 16. Ne4 Nc4 17. Nxc5 Nxc5 18. Nd2 Ba6 19. Nxc4 Bxc4 20. Ba3 Na6 21.
Qxc4 1-0

[Event "Skakligaen 2021-22"]
[Site "Denmark"]
[Date "2022.03.20"]
[Round "9.4"]
[White "Pedersen, Daniel Vesterbaek"]
[Black "Rewitz, Poul"]
[Result "0-1"]
[WhiteElo "2139"]
[BlackElo "2264"]
[PlyCount "112"]
[EventDate "2021.10.30"]
[EventType "team-tourn"]
[EventRounds "9"]
[EventCountry "DEN"]
[SourceTitle "Martin Noer"]
[WhiteTeam "Fredericia"]
[BlackTeam "SK1968"]

1. e4 c6 2. d4 d5 3. e5 Bf5 4. Nf3 e6 5. Be2 Ne7 6. O-O c5 7. c4 Nd7 8. Nc3
dxc4 9. Bxc4 a6 10. dxc5 Nc6 11. Bf4 Bxc5 12. h3 h6 13. Bd3 g5 14. Bg3 g4 15.
Bxf5 gxf3 16. Be4 fxg2 17. Kxg2 Ndxe5 18. Qh5 Qg5 19. Qxg5 hxg5 20. Rfe1 Nd7
21. Bxc6 bxc6 22. Ne4 Be7 23. Nd6+ Bxd6 24. Bxd6 Rh4 25. Rac1 Rc8 26. Red1 Nb6
27. Bg3 Ra4 28. a3 Nd5 29. Rc5 Kd7 30. Rdc1 f6 31. R1c4 Rxc4 32. Rxc4 e5 33.
Ra4 Rb8 34. h4 gxh4 35. Bxh4 Rxb2 36. Rxa6 f5 37. Ra8 e4 38. Rd8+ Kc7 39. Re8
Ra2 40. Rf8 f4 41. Bg5 f3+ 42. Kg3 Rxa3 43. Kg4 Ra1 44. Bh4 c5 45. Kf5 Nc3 46.
Bg5 Rd1 47. Be3 c4 48. Rf6 Rd5+ 49. Kf4 Kd7 50. Ra6 Kc7 51. Ra3 Rd3 52. Ra6
Nd5+ 53. Kxe4 Nxe3 54. Ra4 Kd6 55. Rxc4 Nxc4 56. Kxd3 Kd5 0-1

[Event "Skakligaen 2021-22"]
[Site "Denmark"]
[Date "2022.03.20"]
[Round "9.5"]
[White "Ramsdal, Jens Albert"]
[Black "Guindy, Esmat Susanne"]
[Result "1-0"]
[WhiteElo "2289"]
[BlackElo "2113"]
[PlyCount "139"]
[EventDate "2021.10.30"]
[EventType "team-tourn"]
[EventRounds "9"]
[EventCountry "DEN"]
[SourceTitle "Jens Ramsdal"]
[WhiteTeam "SK1968"]
[BlackTeam "Fredericia"]

1. e4 e6 2. d4 d5 3. e5 c5 4. c3 Nc6 5. Nf3 Nge7 6. Na3 cxd4 7. cxd4 Nf5 8. Nc2
Bd7 9. Be2 Nb4 10. O-O Nxc2 11. Qxc2 Qb6 12. Qd3 a6 13. g4 Bb5 14. Qb3 Nxd4 15.
Nxd4 Qxd4 16. Bxb5+ axb5 17. Qxb5+ Kd8 18. h3 Qxe5 19. Qb6+ Qc7 20. Qd4 Qc5 21.
Bg5+ Kd7 22. Qd3 Bd6 23. Rac1 Qb6 24. Rc3 Qa6 25. Qf3 f6 26. Be3 Qxa2 27. Bd4
Qa4 28. Rd1 Rac8 29. Rcd3 Rhf8 30. Bc3 Qf4 31. Qg2 Rc4 32. b3 Rc6 33. Rd4 Qe5
34. Ba1 Ra6 35. Bb2 Qe2 36. R4d2 Qb5 37. Qf3 Rb6 38. Rd3 Qb4 39. Bd4 Rc6 40. g5
fxg5 41. Qh5 Bc5 42. Qxh7 Bxd4 43. Rxd4 Qe7 44. Qd3 Qf6 45. Qg3 Rc2 46. R1d2
Rxd2 47. Rxd2 Rc8 48. Qg4 Qe5 49. Re2 Qf5 50. Qxf5 exf5 51. Re5 g6 52. Rxd5+
Kc6 53. Rd3 f4 54. Rc3+ Kd7 55. Rxc8 Kxc8 56. Kg2 Kd7 57. Kf3 Ke6 58. Kg4 Kf6
59. b4 b5 60. f3 Ke5 61. Kxg5 Kd4 62. h4 Kc4 63. Kxg6 Kxb4 64. h5 Ka3 65. h6 b4
66. h7 b3 67. h8=Q b2 68. Qc3+ Ka2 69. Qc2 Ka1 70. Qa4+ 1-0

[Event "Skakligaen 2021-22"]
[Site "Denmark"]
[Date "2022.03.20"]
[Round "9.6"]
[White "Easwaralingam, Adesh"]
[Black "Hansen, Lars"]
[Result "0-1"]
[WhiteElo "2136"]
[BlackElo "2188"]
[PlyCount "58"]
[EventDate "2021.10.30"]
[EventType "team-tourn"]
[EventRounds "9"]
[EventCountry "DEN"]
[SourceTitle "Live"]
[WhiteTeam "Fredericia"]
[BlackTeam "SK1968"]

1. e4 e6 2. d4 d5 3. e5 c5 4. c3 Qb6 5. Nf3 Nc6 6. a3 Nge7 7. dxc5 Qc7 8. Bb5
Bd7 9. Qe2 Ng6 10. Bxc6 bxc6 11. b4 f6 12. c4 fxe5 13. cxd5 exd5 14. O-O Be7
15. Ng5 O-O 16. Qh5 Bxg5 17. Qxg5 a5 18. Bb2 Rf5 19. Qe3 Rb8 20. Qb3 Nf4 21. g3
Ne6 22. Qc2 Ng5 23. Bc3 Rbf8 24. Kg2 Rf3 25. Nd2 Bh3+ 26. Kg1 Qf7 27. Bxe5 Bxf1
28. Rxf1 Rxf2 29. Bf4 Nh3+ 0-1

[Event "Skakligaen 2021-22"]
[Site "Denmark"]
[Date "2022.03.20"]
[Round "9.7"]
[White "Pedersen, Gunnar"]
[Black "Madsen, Michael Baehring"]
[Result "1/2-1/2"]
[WhiteElo "2220"]
[BlackElo "2046"]
[PlyCount "39"]
[EventDate "2021.10.30"]
[EventType "team-tourn"]
[EventRounds "9"]
[EventCountry "DEN"]
[SourceTitle "Live"]
[WhiteTeam "SK1968"]
[BlackTeam "Fredericia"]

1. c4 Nf6 2. Nf3 c5 3. g3 Nc6 4. Bg2 d5 5. cxd5 Nxd5 6. O-O Nc7 7. Nc3 e5 8. d3
Be7 9. Nd2 O-O 10. Nc4 f6 11. f4 Rb8 12. fxe5 Nxe5 13. Nxe5 fxe5 14. Rxf8+ Bxf8
15. Be3 b6 16. Rc1 Be7 17. Ne4 Be6 18. b3 Nd5 19. Bd2 Nf6 20. Nxf6+ 1/2-1/2

[Event "Skakligaen 2021-22"]
[Site "Denmark"]
[Date "2022.03.20"]
[Round "9.8"]
[White "Sorensen, Lars Desmond"]
[Black "Simkin, Mark"]
[Result "1-0"]
[WhiteElo "2048"]
[BlackElo "2096"]
[PlyCount "134"]
[EventDate "2021.10.30"]
[EventType "team-tourn"]
[EventRounds "9"]
[EventCountry "DEN"]
[SourceTitle "Notationslister"]
[WhiteTeam "Fredericia"]
[BlackTeam "SK1968"]

1. e4 e5 2. Nf3 Nc6 3. Bc4 Nf6 4. d3 h6 5. c3 d6 6. O-O g5 7. b4 Bg7 8. Be3 O-O
9. Nbd2 g4 10. Ne1 d5 11. exd5 Nxd5 12. Rc1 Kh8 13. Bc5 Rg8 14. f3 g3 15. hxg3
f5 16. Bf2 Be6 17. Bxd5 Qxd5 18. c4 Qd7 19. b5 Ne7 20. Nb3 b6 21. Qc2 a6 22. a4
Rgd8 23. Rd1 axb5 24. axb5 c5 25. Nd2 Ra5 26. Nb1 Rda8 27. Be3 f4 28. gxf4 exf4
29. Bf2 Nf5 30. Qc1 Ne3 31. Nc2 Nxf1 32. Qxf4 Ra2 33. Qc1 Bf5 34. Kxf1 Bxd3+
35. Kg1 Rxc2 36. Qxc2 Bxc2 37. Rxd7 Bxb1 38. Rb7 Bd3 39. Rxb6 Bxc4 40. Bxc5 Ra5
41. Rb8+ Kh7 42. Rb7 Kg6 43. Bd6 Bxb5 44. Kh2 Bc4 45. Rb4 Rh5+ 46. Kg3 Rg5+
47. Kh2 Rh5+ 48. Kg3 Bc3 49. Rxc4 Be1+ 50. Kf4 Rd5 51. Rc6 Kf7 52. Ke4 Rb5 53. Be5
h5 54. Kf5 Ba5 55. Rf6+ Ke7 56. Rh6 Bc3 57. f4 Bxe5 58. fxe5 Rb2 59. Rh7+ Kf8
60. g3 Rf2+ 61. Ke6 Rg2 62. Rh8+ Kg7 63. Rxh5 Rxg3 64. Rf5 Ra3 65. Rf7+ Kg8 66.
Rd7 Ra6+ 67. Rd6 Ra7
 1-0

[Event "Skakligaen 2021-22"]
[Site "Denmark"]
[Date "2022.03.20"]
[Round "9.1"]
[White "Svane, Rasmus"]
[Black "Hansen, Sune Berg"]
[Result "1-0"]
[WhiteElo "2625"]
[BlackElo "2528"]
[PlyCount "147"]
[EventDate "2021.10.30"]
[EventType "team-tourn"]
[EventRounds "9"]
[EventCountry "DEN"]
[SourceTitle "Rasmus Svane"]
[WhiteTeam "Skanderborg"]
[BlackTeam "Hillerod"]

1. Nf3 f5 2. g3 Nf6 3. Bg2 g6 4. O-O Bg7 5. d4 O-O 6. c4 d6 7. Nc3 c6 8. b3 Na6
9. Bb2 Qc7 10. d5 e5 11. dxe6 Bxe6 12. Ng5 Bd7 13. Qd4 h6 14. Nf3 Be6 15. Rad1
Rfe8 16. Qd2 Rad8 17. Qc2 Nc5 18. Rfe1 Bf7 19. e3 a5 20. h3 Qe7 21. Nd4 Nfe4
22. a3 Ra8 23. Nde2 Nf6 24. Nc1 Rad8 25. Nd3 Ne6 26. Ne2 Ng5 27. Bd4 Ra8 28.
Nb2 Ne6 29. Bc3 Nc5 30. Nd3 Nce4 31. Bd4 Ng5 32. Ndf4 Nge4 33. Nc3 Ng5 34. Qb2
Kh7 35. Rd3 Bg8 36. Red1 Nf7 37. Qc2 Ne5 38. R3d2 Bf7 39. Na4 Kg8 40. Nd3 Ned7
41. Nc1 d5 42. cxd5 Bxd5 43. Bxd5+ Nxd5 44. Nc3 N5f6 45. N1e2 Qf7 46. b4 axb4
47. axb4 Ne5 48. Bxe5 Rxe5 49. Nf4 Rae8 50. Nd3 R5e7 51. Nc5 h5 52. h4 Bh6 53.
Rd6 Bf8 54. R6d4 Bg7 55. Rd6 Bf8 56. Rd8 Re5 57. Rxe8 Rxe8 58. Rd4 Ra8 59. Nd3
Kh7 60. Nf4 Bh6 61. Qd1 Qe7 62. Nce2 Qe5 63. Qb3 Qe7 64. Qd3 Ra1+ 65. Kg2 Ra8
66. b5 Rc8 67. Rd6 Bxf4 68. Rxf6 Bh6 69. Rd6 Bg7 70. Nf4 Qe4+ 71. Qxe4 fxe4 72.
Rd7 Kh6 73. Rxb7 c5 74. Ne6 1-0

[Event "Skakligaen 2021-22"]
[Site "Denmark"]
[Date "2022.03.20"]
[Round "9.2"]
[White "Schandorff, Lars"]
[Black "Bjerre, Jonas Buhl"]
[Result "1/2-1/2"]
[WhiteElo "2458"]
[BlackElo "2586"]
[PlyCount "70"]
[EventDate "2021.10.30"]
[EventType "team-tourn"]
[EventRounds "9"]
[EventCountry "DEN"]
[SourceTitle "Live"]
[WhiteTeam "Hillerod"]
[BlackTeam "Skanderborg"]

1. Nf3 c5 2. c4 Nc6 3. d4 cxd4 4. Nxd4 Nf6 5. Nc3 e6 6. Bf4 d5 7. cxd5 Nxd5 8.
Nxc6 bxc6 9. Bd2 Bb4 10. Nxd5 Bxd2+ 11. Qxd2 cxd5 12. e3 O-O 13. Bd3 a5 14. O-O
Qb6 15. Rac1 Ba6 16. Bxa6 Rxa6 17. Rc3 Qb4 18. Rfc1 Rb6 19. R1c2 g6 20. h3 h5
21. Qc1 a4 22. a3 Qe4 23. Rc8 Rb8 24. Rxb8 Rxb8 25. Rc8+ Rxc8 26. Qxc8+ Kg7 27.
Qc3+ e5 28. f3 Qb1+ 29. Kf2 f6 30. h4 Qd1 31. Qc5 Qd2+ 32. Kg3 Qe1+ 33. Kh3
Qh1+ 34. Kg3 Qe1+ 35. Kh3 Qh1+ 1/2-1/2

[Event "Skakligaen 2021-22"]
[Site "Denmark"]
[Date "2022.03.20"]
[Round "9.3"]
[White "Andersen, Mads"]
[Black "Percivaldi, Martin"]
[Result "1-0"]
[WhiteElo "2572"]
[BlackElo "2385"]
[PlyCount "159"]
[EventDate "2021.10.30"]
[EventType "team-tourn"]
[EventRounds "9"]
[EventCountry "DEN"]
[SourceTitle "Mads Andersen"]
[WhiteTeam "Skanderborg"]
[BlackTeam "Hillerod"]

1. e4 e5 2. Nf3 Nc6 3. Bc4 Nf6 4. d3 Be7 5. O-O O-O 6. Nc3 d6 7. a4 Na5 8. Ba2
c5 9. Bg5 Nc6 10. Bxf6 Bxf6 11. Nd5 Nb4 12. Nxb4 cxb4 13. Bd5 Qc7 14. a5 Rb8
15. Qd2 Bg4 16. Ne1 Qc5 17. c3 bxc3 18. bxc3 Be6 19. Bxe6 fxe6 20. Nf3 b5 21.
axb6 axb6 22. c4 b5 23. cxb5 Rxb5 24. Qa2 d5 25. Rfc1 Qb6 26. Rab1 Rxb1 27.
Rxb1 Qc6 28. h3 h6 29. Re1 Rd8 30. Qb3 Kh7 31. Kh2 Qd6 32. Qc2 Kg8 33. Ra1 Qb6
34. Rb1 Qa7 35. Kg1 Qd7 36. Qa2 Qc6 37. Re1 Kh7 38. Qb1 Kg8 39. Qb2 Qc7 40. Rc1
Qb8 41. Qc2 Qb7 42. Rb1 Qa6 43. Qb3 Qc6 44. Re1 Kh7 45. Qb1 Kg8 46. Rc1 Qd6 47.
Qb7 Rb8 48. Qa7 Kh7 49. Qa2 Rd8 50. Kh2 Qb6 51. Re1 Qc7 52. Qa6 Rd6 53. Qb5 Rd8
54. Qb1 Kg8 55. Re2 Rb8 56. Qa2 Rd8 57. Rc2 Qb7 58. Rb2 Qa8 59. Qb1 Qa7 60. Rb6
Kh8 61. Qb2 Re8 62. Qb5 Rd8 63. Qc6 Qa2 64. Kg3 Qe2 65. Rb3 h5 66. h4 Rf8 67.
Qxe6 dxe4 68. dxe4 Qxe4 69. Re3 Qg6+ 70. Ng5 Qh6 71. Rf3 Qg6 72. Kh3 Qe8 73.
Qxe8 Rxe8 74. Ne4 Rf8 75. Rf5 Kh7 76. Rxh5+ Kg6 77. g4 Ra8 78. Rf5 Ra4 79. h5+
Kf7 80. Nxf6 1-0

[Event "Skakligaen 2021-22"]
[Site "Denmark"]
[Date "2022.03.20"]
[Round "9.4"]
[White "Borge, Nikolaj"]
[Black "Boe Olsen, Filip"]
[Result "1-0"]
[WhiteElo "2381"]
[BlackElo "2357"]
[PlyCount "123"]
[EventDate "2021.10.30"]
[EventType "team-tourn"]
[EventRounds "9"]
[EventCountry "DEN"]
[SourceTitle "Filip Boe Olsen"]
[WhiteTeam "Hillerod"]
[BlackTeam "Skanderborg"]

1. e4 c6 2. d4 d5 3. e5 Bf5 4. Nd2 e6
5. Nb3 Nd7 6. Nf3 a6 7. Be2 c5 8. O-O Rc8 9. Be3 cxd4 10. Nfxd4 Ne7 11. f4 Be4
12. Rc1 g6 13. Qe1 Nf5 14. Nxf5 gxf5 15. Na5 Bc5 16. Bxc5 Nxc5 17. b4 b6 18.
bxc5 bxa5 19. Qf2 Rg8 20. g3 Qe7 21. c4 d4 22. Rfd1 Qxc5 23. Qxd4 Ke7 24. Kf2
Rc7 25. Rc3 Rb8 26. Qxc5+ Rxc5 27. Ke3 Rb2 28. Rd2 Rb1 29. Rb3 Rc1 30. Rd6 Rc2
31. Ra3 f6 32. Rxa6 fxe5 33. R6xa5 exf4+ 34. gxf4 Rxa5 35. Rxa5 Kd6 36. Ra6+
Kc5 37. Ra5+ Kd6 38. a3 Rb2 39. h4 Ra2 40. Ra6+ Kc5 41. h5 Ra1 42. h6 Rh1 43.
Rxe6 Rh3+ 44. Kf2 Rh2+ 45. Ke3 Rh3+ 46. Kd2 Rxa3 47. Re7 Rh3 48. Rxh7 Rh2 49.
Rh8 Bf3 50. h7 Bxe2 51. Ke3 Bxc4 52. Rc8+ Kd6 53. h8=Q Rxh8 54. Rxh8 Bd5 55.
Kd4 Be4 56. Re8 Bc6 57. Re5 Bd7 58. Ra5 Bc8 59. Rb5 Bd7 60. Rb6+ Bc6 61. Ra6
Kd7 62. Rxc6 1-0

[Event "Skakligaen 2021-22"]
[Site "Denmark"]
[Date "2022.03.20"]
[Round "9.5"]
[White "Andersen, Jackie"]
[Black "Pedersen, Steffen"]
[Result "0-1"]
[WhiteElo "2398"]
[BlackElo "2338"]
[PlyCount "68"]
[EventDate "2021.10.30"]
[EventType "team-tourn"]
[EventRounds "9"]
[EventCountry "DEN"]
[SourceTitle "Steffen Pedersen"]
[WhiteTeam "Skanderborg"]
[BlackTeam "Hillerod"]

1. d4 d5 2. Nf3 Nf6 3. g3 e6 4. c4 Be7 5. Bg2 O-O 6. O-O dxc4 7. Na3 c5 8. Nxc4
Nc6 9. dxc5 Bxc5 10. a3 Nd5 11. Qc2 Bd7 12. Rd1 Rc8 13. Ng5 Nf6 14. b4 Bxf2+
15. Kxf2 Ne5 16. Rd4 b5 17. Nxh7 Nxh7 18. Qxh7+ Kxh7 19. Nxe5 Qf6+ 20. Nf3 Bc6
21. Bg5 Qg6 22. h4 f6 23. Be3 Qf7 24. Rad1 Bd5 25. h5 Rfd8 26. h6 g6 27. g4 Rc4
28. g5 Rxd4 29. Rxd4 e5 30. Rh4 e4 31. gxf6 exf3 32. exf3 Qxf6 33. Rf4 Qe5 34.
Rg4 Re8 0-1